000 00286nam a22001217a 4500
008 180803b xxu||||| |||| 00| 0 eng d
082 _a813.52
245 _aPediatrics an Interactive Program
_cBraner
260 _c1999
300 _a1
_fCD
440 _x9780721676128
942 _2ddc
_cMX
999 _c46781
_d46781